Yüklüyor......

Sanskriti shiksha aur lokatantra

Detaylı Bibliyografya
Yazar: Narendra Singh
Materyal Türü: Printed Book
Baskı/Yayın Bilgisi: New Delhi Grantha shilpi 2004
Konular:
LEADER 00774nam a22002051a 4500
020 |a 8197170500  |c 0.00 
040 |a SSUS - Library - Kalady 
082 |a H 370  |b NAR/S 
100 |a Narendra Singh 
245 |a Sanskriti shiksha aur lokatantra  |h [Text] 
260 |a New Delhi  |b Grantha shilpi  |c 2004 
300 |a 82p. 
600 |a Education 
852 |h H 370  |i NAR/S  |p 058670  |9 125.00  |t 0 
852 |h H 370  |i NAR/S  |p 058650  |9 125.00  |t 0 
942 |c BK 
942 |c BK 
999 |c 40537  |d 40537 
952 |0 0  |1 0  |4 0  |6 H_370_000000000000000_NAR_S  |7 0  |9 58821  |a SSUS  |b SSUS  |d 2015-01-08  |g 125.00  |o H 370 NAR/S  |p 058670  |r 2015-01-08  |v 0.00  |w 2015-01-08  |y BK 
952 |0 0  |1 0  |4 0  |6 H_370_000000000000000_NAR_S  |7 0  |9 58822  |a SSUS  |b SSUS  |d 2015-01-08  |g 125.00  |o H 370 NAR/S  |p 058650  |r 2015-01-08  |v 0.00  |w 2015-01-08  |y BK